Statistiques concernant TGV arrêts Bruxelles - Montpellier

Cliquez ici pour prendre le quiz!

Statistiques générales

  • Ce quiz a été pris 258 fois
  • Le résultat moyen est 7 sur 8

Statistiques - réponses

PaysVille% Correct
FranceAéroport Charles de Gaulle
99%
BelgiqueBruxelles-Midi
96%
FranceLille
96%
FranceLyon
96%
FranceMontpellier
95%
FranceNîmes
79%
FranceValence
77%
FranceMarne la Vallée - Chessy
59%

Distribution des résultats

Percentile par nombre de réponses

% des personnes avec chaque résultat

Votre développement - résultats

Vous n’avez pas pris ce quiz